La psychologie economique.

Bibliographic Details
Main Author: Reynaud, Pierre Louis
Format: Book
Language:French
Published: Paris : Presses universitaires de France, 1964.
Series:"Que sais-je?" Le point des connaissances actuelles, no. 1124
Subjects:

MARC

Tag First Indicator Second Indicator Subfields
LEADER 00000cam a2200000 4500
001 in00000064387
005 20151008051807.0
008 800508s1964 fr b 00000 fre
010 |a  65036059  
035 |a (OCoLC)06295596 
035 |9 AAH0016AM 
040 |a DLC  |c TXA  |d UtOrBLW 
049 |a TXAM  |c [450297] 
050 0 |a HB74.P8  |b R4 1964 
092 |a 330.1  |b R459p 
100 1 |a Reynaud, Pierre Louis. 
245 1 3 |a La psychologie economique. 
264 1 |a Paris :  |b Presses universitaires de France,  |c 1964. 
300 |a 126 pages, 2 unnumbered pages ;  |c 18 cm. 
336 |a text  |b txt  |2 rdacontent 
337 |a unmediated  |b n  |2 rdamedia 
338 |a volume  |b nc  |2 rdacarrier 
490 0 |a "Que sais-je?" Le point des connaissances actuelles, no. 1124 
504 |a Bibliography : page [127]. 
650 0 |a Economics  |x Psychological aspects. 
999 |a MARS 
999 f f |s a651a302-b90e-3a63-acc2-903bad734c12  |i a76c7336-f636-389c-afdd-8001eaba16dc  |t 0 
952 f f |p ric  |a Texas A&M University  |b Rellis Campus  |c Joint Library Facility  |d Remote Storage  |t 0  |e HB74.P8 R4 1964  |h Library of Congress classification  |i unmediated -- volume  |m A14800691858 
998 f f |a HB74.P8 R4 1964  |t 0  |l Remote Storage